| 000 | 00828cab a2200277 4500 | ||
|---|---|---|---|
| 001 | ABS54975 | ||
| 008 | 090401t1996 xxu||||| |||| 00| 0 eng d | ||
| 035 | _a(Sirsi) u13447 | ||
| 041 | _aeng | ||
| 110 |
_aRural Housing Trust _92265 |
||
| 245 | _aVillage homes for village people | ||
| 260 | _c1996 | ||
| 350 | _a0 | ||
| 490 |
_aRural Design and Building Journal _vv1 Spring 1996, 26-27(2) |
||
| 520 | _aConsiders tactics that can be employed to create affordable housing in rural areas, with case studies of two projects. | ||
| 650 | _aCLIPSTON | ||
| 650 | _aENGLISH VILLAGES HOUSING ASSOCIATION | ||
| 650 | _aHOUSING NEEDS SURVEY | ||
| 650 | _aRURAL HOUSING TRUST | ||
| 650 | _aRURAL HOUSING | ||
| 650 | _aSHARED OWNERSHIP | ||
| 650 | _aWYMONDHAM | ||
| 690 | _aHOUSING | ||
| 942 | _n0 | ||
| 948 | _c04/03/1997 | ||
| 999 |
_c8668 _d8668 |
||